000 00573nam a22001937a 4500
003 SISC
005 20180725091307.0
008 180725b xxu||||| |||| 00| 0 eng d
020 _a9789719804598
050 _aQ 158
_b.C356 2016
100 _aCaintic, Helen E.
245 _aPhysical science /
_cHelen E. Caintic
260 _aQuezon City :
_bC & E Publishing,
_cc2016.
300 _axi, 177 pages :
_bcolor illustrations ;
_c26 cm.
500 _aIncludes index and bibliographical references.
650 _aPhysical sciences
942 _2lcc
_cBK
999 _c358178
_d358178